00661nam a2200205Ia 450000500170000000800410001702000270005804000190008504100120010408200150011624500820013126000360021330000150024950400500026463000360031465000420035065100250039270000280041785000100044520240111095038.0131103s9999 xx 000 0 und d a076195633 6c15.99 pds aLoreto College aEnglish a327.1bELI aForeign and security policy in the European Unioncedited by Kjell A.Eliassen aLondonbSage Publicationsc1998 ax, 246 p.  aIncludes bibliographical references and index aEuropean Union - Foreign Policy aPolitics - International Relations -  aPolitical Science -  aEliassen, Kjell A., ed. aLCLIB